Statistics Fourth Edition /

Bibliographic Details
Main Author: Freedman, David
Other Authors: Pisani, Robert, Purves, Roger
Format: Book
Published: New York: W.W. Norton & Company, 2007.
Subjects:
LEADER 00681cam a2200217 7i4500
001 0000014586
005 20151104090000.0
005 ##20151104114800.0
003 ##MY-KlINT
020 # # |a 9780393930436  
039 # 9 |y 201511041148  |z VLOAD 
090 0 0 |a 519.5   |b FRE 
100 1 # |a Freedman, David 
245 1 0 |a Statistics Fourth Edition /   |c David Freedman, Robert Pisani and Roger Purves. 
260 # # |a New York:   |b W.W. Norton & Company,   |c 2007. 
300 # # |a xvi, 121p:   |b ill;   |c 26cm. 
500 # # |a includes bibliographical references and index 
650 # 0 |a Mathematical statistics  
700 0 # |a Pisani, Robert  
700 0 # |a Purves, Roger  
999 |a 1206068541  |b BOOK  |c Main Non-Fiction  |e INTAN BK